Statystyki dla Kraje najbliżej Bośni i Hercegowiny

Kliknij tutaj aby rozwiązać quiz!

Ogólne statystyki

  • Ten quiz został rozwiązany 1 372 razy
  • Średni wynik to 17 z 20

Statystyki odpowiedzi

kmkraj% Poprawnych
0Chorwacja
96%
0Serbia
96%
45Słowenia
94%
282Grecja
93%
153Włochy
93%
129Rumunia
92%
162Austria
91%
0Czarnogóra
91%
96Kosowo
91%
282Słowacja
91%
68Węgry
91%
372Czechy
89%
94Albania
88%
221Bułgaria
86%
438Szwajcaria
77%
331Niemcy
74%
436Ukraina
71%
271San Marino
69%
400Watykan
68%
196Macedonia
Północna
54%

Rozkład punktacji

Percentyl według liczby udzielonych odpowiedzi

Procent ludzi z każdym wynikiem

Twoja historia wyników

Nie rozwiązałeś tego quizu